Geotechnical engineering and environmental control /

Bibliographic Details
Corporate Author: International Conference on Soil Mechanics and Foundation Engineering (1936- )
Other Authors: Moh, Za-Chieh
Format: Conference Proceeding Book
Language:English
Published: [Place of publication not identified] : MAA Pub. Co., 1977-
Subjects:

MARC

Tag First Indicator Second Indicator Subfields
LEADER 00000cam a2200000 i 4500
001 in00000079791
005 20151008054012.0
008 790125s19779999xx a b 10000 engm
010 |a  78323480  
035 |a (OCoLC)04833511 
035 |9 AAH9326AM 
040 |a DLC  |c DLC  |d m.c.  |d TXA  |d UtOrBLW 
049 |a TXAM  |v 1 [1654618]  |v 2 [A089329196] 
050 0 0 |a TA710.A1  |b G393 
082 0 |a 624/.151 
245 0 0 |a Geotechnical engineering and environmental control /  |c edited by Za-Chieh Moh. 
264 1 |a [Place of publication not identified] :  |b MAA Pub. Co.,  |c 1977- 
300 |a volumes :  |b illustrations ;  |c 27 cm. 
336 |a text  |b txt  |2 rdacontent 
337 |a unmediated  |b n  |2 rdamedia 
338 |a volume  |b nc  |2 rdacarrier 
500 |a "Proceedings of the specialty session on geotechnical engineering and environmental control, ninth International Conference on Soil Mechanics and Foundation Engineering, Tokyo, July 1977." 
500 |a Errata slip inserted. 
504 |a Includes bibliographies. 
650 0 |a Soil mechanics  |x Environmental aspects  |x Congresses. 
650 0 |a Pollution  |v Congresses. 
700 1 |a Moh, Za-Chieh. 
711 2 |a International Conference on Soil Mechanics and Foundation Engineering (1936- )  |n (9th :  |d 1977 :  |c Tokyo, Japan) 
999 |a MARS 
999 f f |s d8febe9c-0468-3eed-9c9a-b74464ac9449  |i da0e82ad-df97-3dc1-b6bb-43f8dbc40258  |t 0 
952 f f |p ric  |a Texas A&M University  |b Rellis Campus  |c Joint Library Facility  |d Remote Storage  |t 0  |e TA710.A1 G393  |h Library of Congress classification  |i unmediated -- volume  |k v.1  |m A14806243815 
952 f f |p ric  |a Texas A&M University  |b Rellis Campus  |c Joint Library Facility  |d Remote Storage  |t 0  |e TA710.A1 G393  |h Library of Congress classification  |i unmediated -- volume  |k v.2  |m A14808329196 
998 f f |a TA710.A1 G393  |s v.1-v.2  |t 0  |l Remote Storage